FC Barcelona top scorers each season since 2000 - Statistics

General Stats
  • This quiz has been taken 216 times
  • The average score is 22 of 25
Answer Stats
Hint Answer % Correct
2009 Lionel Messi
99%
2010 Lionel Messi
99%
2011 Lionel Messi
99%
2012 Lionel Messi
99%
2013 Lionel Messi
99%
2014 Lionel Messi
99%
2015 Lionel Messi
99%
2017 Lionel Messi
99%
2018 Lionel Messi
99%
2019 Lionel Messi
99%
2020 Lionel Messi
99%
2021 Lionel Messi
99%
2016 Luis Suarez
97%
2023 Robert Lewandowski
96%
2024 Robert Lewandowski
96%
2004 Ronaldinho
88%
2007 Ronaldinho
88%
2005 Samuel Eto’o
85%
2006 Samuel Eto’o
85%
2008 Thierry Henry
71%
2001 Rivaldo
65%
Memphis Depay
59%
2022 Pierre-Emerick Aubameyang
55%
2002 Patrick Kluivert
40%
2003 Patrick Kluivert
40%
No matching quizzes found
Score Distribution
Percent of People with Each Score
Percentile by Number Answered
Your Score History
You have not taken this quiz